Searching for an Enemy. Populism and the War in Ukraine

Populizmus sa stal charakteristickým pre mnohé konkurenčné stranícke systémy vrátane slovenského. Jednou z jeho výrazných funkcií je hľadanie nepriateľa. Tento text vysvetlí, ako slovenskí populisti používajú komunikačné stratégie v kontexte politického diskurzu o vojne na Ukrajine

Salvato in:
Dettagli Bibliografici
Autore principale: Štefančík, Radoslav, 1976-
Natura: Capitolo di libro
Lingua:inglese
Soggetti:
Tags: Aggiungi Tag
Nessun Tag, puoi essere il primo ad aggiungerne!!

MARC

LEADER 00000naa a2200000 4500
001 0311357
005 20250701121000.0
041 0 |a eng 
044 |a SK 
245 1 0 |a Searching for an Enemy. Populism and the War in Ukraine  |c Radoslav Štefančík 
520 |a Populizmus sa stal charakteristickým pre mnohé konkurenčné stranícke systémy vrátane slovenského. Jednou z jeho výrazných funkcií je hľadanie nepriateľa. Tento text vysvetlí, ako slovenskí populisti používajú komunikačné stratégie v kontexte politického diskurzu o vojne na Ukrajine 
610 2 0 |a populizmus 
610 2 0 |a politika 
610 2 0 |a vojny 
610 2 0 |a komunikácia 
610 2 0 |a bezpečnosť energetická 
100 1 |a Štefančík, Radoslav, 1976-